000 00279nam a22001337a 4500
008 210512b ||||| |||| 00| 0 eng d
041 _aeng
080 _a038
082 _a038
100 _a24
101 _aFJA
245 _aBeginning Spanish
_cSilva,Z.S.D
942 _2udc
_cBK
999 _c57278
_d57278